Suomen kaupungit (107kpl) - Statistics

Yleistilastot
  • Tätä visaa on pelattu 5 252 kertaa
  • Keskiarvotulos 44 / 107
Vastaustilastot
Vastaus % Oikein
Helsinki
97%
Oulu
90%
Turku
90%
Espoo
89%
Tampere
88%
Rovaniemi
87%
Vantaa
87%
Jyväskylä
81%
Pori
80%
Kuopio
79%
Vaasa
79%
Joensuu
77%
Lahti
75%
Lappeenranta
73%
Hämeenlinna
71%
Kouvola
70%
Kokkola
67%
Kotka
67%
Porvoo
66%
Kemi
64%
Seinäjoki
64%
Rauma
63%
Kajaani
61%
Mikkeli
61%
Hanko
59%
Imatra
59%
Tornio
56%
Kuusamo
52%
Hamina
51%
Iisalmi
51%
Salo
51%
Savonlinna
51%
Hyvinkää
50%
Järvenpää
49%
Kerava
48%
Naantali
48%
Forssa
46%
Nokia
46%
Akaa
45%
Maarianhamina
45%
Lohja
44%
Riihimäki
43%
Uusikaupunki
42%
Jämsä
40%
Raahe
40%
Heinola
39%
Raisio
39%
Alavus
38%
Varkaus
38%
Loviisa
37%
Kaarina
36%
Kalajoki
36%
Kauniainen
35%
Alajärvi
33%
Lapua
33%
Pietarsaari
33%
Kemijärvi
32%
Ylöjärvi
32%
Ylivieska
31%
Äänekoski
30%
Keuruu
29%
Kristiinankaupunki
29%
Orimattila
29%
Orivesi
29%
Kangasala
28%
Karkkila
28%
Kauhava
28%
Lieksa
28%
Loimaa
28%
Sastamala
28%
Pieksämäki
27%
Raasepori
27%
Ähtäri
26%
Haapavesi
26%
Kitee
26%
Haapajärvi
25%
Kankaanpää
25%
Kauhajoki
25%
Valkeakoski
25%
Ikaalinen
24%
Huittinen
22%
Kuhmo
22%
Nurmes
22%
Oulainen
22%
Parkano
20%
Suonenjoki
20%
Virrat
20%
Kurikka
19%
Outokumpu
19%
Ulvila
19%
Harjavalta
18%
Uusikaarlepyy
18%
Kannus
17%
Kokemäki
17%
Parainen
17%
Pudasjärvi
17%
Viitasaari
17%
Kaskinen
16%
Kiuruvesi
16%
Laitila
16%
Nivala
16%
Saarijärvi
15%
Somero
15%
Närpiö
14%
Paimio
13%
Mänttä-Vilppula
12%
Pyhäjärvi
11%
Ehtoja vastaavia visoja ei löytynyt
Tulosjakauma
Jokaisen tuloksen saaneiden osuus
Persentiili vastausten määrän mukaan
Tuloshistoriasi
Et ole pelannut tätä visaa